| 000 | 00857nam a2200193 a 4500 | ||
|---|---|---|---|
| 008 | 200710s1988 ||||||||||||||||| || u | ||
| 020 | _a9780521333955 | ||
| 050 | _aHB 141.157 Dyn | ||
| 100 | _aBerndt, Ernst R | ||
| 245 | 1 | 0 |
_aDynamic econometric modeling : proceedings of the Third International Symposium in Economic Theory and Econometrics _cEdited by William A. Barnett; Ernst R. Berndt; Halbert White |
| 260 |
_aCambridge _bCambridge University Press _c1988 |
||
| 300 | _ax, 376 pages : illustrations | ||
| 650 | _aECONOMIC MODELS | ||
| 650 | _aSTATICS AND DYNAMICS (SOCIAL SCIENCES) | ||
| 650 | _aECONOMETRICS | ||
| 700 | _aBarnett, William A | ||
| 700 | _aWhite, Halbert | ||
| 995 |
_D160.10 _FCBU-MAIN LIBRARY (Kitwe) _M1 _UAVAILABLE _WJul 16, 2020 _ZMain Library Open Access Collection |
||
| 999 |
_c40546 _d40546 |
||